| 000 | 00756nam a22001577a 4500 | ||
|---|---|---|---|
| 003 | OSt | ||
| 005 | 20150921102501.0 | ||
| 008 | 150921b xxu||||| |||| 00| 0 eng d | ||
| 040 | _cRUA | ||
| 082 | _aAGR PHU 2006 BO33 Or.1 | ||
| 100 |
_9991 _aPHUM, DARA |
||
| 245 | _aEFFECT OF OPRGANICT FERTILIZER ON GROWTH AND YIELD OF EGGPLANT AT CROP STATION IN ROYAL UNIVERSITY OF AGRICULTURE,(ឥត្ធិពលជីសរីរាង្គលើការលូលលាស់ និងទិន្នផលដំណាំត្រប់វែងនីស្ថានីយ៍ដំណាំនៃសាកលវិទ្យាល័យភូមិកសិកម្ម). | ||
| 260 |
_aPHNOM PHEN _bRUA _c2006 |
||
| 300 |
_aXIII,50P. _bILL. _c29CM. |
||
| 942 |
_2ddc _cAGR |
||
| 999 |
_c952 _d952 |
||